<?xml version="1.0" encoding="UTF-8"?>
<record
    xmlns:xsi="http://www.w3.org/2001/XMLSchema-instance"
    xsi:schemaLocation="http://www.loc.gov/MARC21/slim http://www.loc.gov/standards/marcxml/schema/MARC21slim.xsd"
    xmlns="http://www.loc.gov/MARC21/slim">

  <leader>00472nam a2200157Ia 4500</leader>
  <controlfield tag="008">230718s9999    xx            000 0 und d</controlfield>
  <datafield tag="041" ind1=" " ind2=" ">
    <subfield code="a">eng</subfield>
  </datafield>
  <datafield tag="082" ind1=" " ind2=" ">
    <subfield code="a">671</subfield>
    <subfield code="b">BOI</subfield>
  </datafield>
  <datafield tag="100" ind1=" " ind2=" ">
    <subfield code="a">Boisse P. (Editor)</subfield>
    <subfield code="9">143355</subfield>
  </datafield>
  <datafield tag="245" ind1=" " ind2=" ">
    <subfield code="a">Friction and Flow Stress In Forming and Cutting</subfield>
  </datafield>
  <datafield tag="260" ind1=" " ind2=" ">
    <subfield code="c">2003</subfield>
    <subfield code="b">ISTE</subfield>
  </datafield>
  <datafield tag="300" ind1=" " ind2=" ">
    <subfield code="a">168</subfield>
  </datafield>
  <datafield tag="365" ind1=" " ind2=" ">
    <subfield code="c">Rs.</subfield>
    <subfield code="b">795.00</subfield>
  </datafield>
  <datafield tag="700" ind1=" " ind2=" ">
    <subfield code="a">Boisse P. (Editor), Altan T. (Editor) &amp; Luttervelt K.V. (Editor)</subfield>
    <subfield code="9">189634</subfield>
  </datafield>
  <datafield tag="906" ind1=" " ind2=" ">
    <subfield code="d">B:107080055724-Aug-2007</subfield>
    <subfield code="c">COMP</subfield>
  </datafield>
  <datafield tag="999" ind1=" " ind2=" ">
    <subfield code="c">317390</subfield>
    <subfield code="d">317390</subfield>
  </datafield>
  <datafield tag="952" ind1=" " ind2=" ">
    <subfield code="0">0</subfield>
    <subfield code="1">0</subfield>
    <subfield code="4">0</subfield>
    <subfield code="7">0</subfield>
    <subfield code="a">CCEP</subfield>
    <subfield code="b">CCEP</subfield>
    <subfield code="d">2007-09-10</subfield>
    <subfield code="e">Varma Book Distributors</subfield>
    <subfield code="f">COMP</subfield>
    <subfield code="g">795.00</subfield>
    <subfield code="i">1070800557</subfield>
    <subfield code="l">0</subfield>
    <subfield code="o">671</subfield>
    <subfield code="p">CCEP-BK-28597</subfield>
    <subfield code="r">2023-07-18 00:00:00</subfield>
    <subfield code="v">795.00</subfield>
    <subfield code="w">2007-08-24</subfield>
    <subfield code="y">BK</subfield>
    <subfield code="z">028597</subfield>
  </datafield>
</record>
